| 000 | 00354nam a22001457a 4500 | ||
|---|---|---|---|
| 003 | OSt | ||
| 005 | 20211229144533.0 | ||
| 008 | 211229b |||||||| |||| 00| 0 eng d | ||
| 020 | _a9789332518667 | ||
| 040 | _cHU | ||
| 082 |
_22nd _a005.453COM |
||
| 100 |
_aComputer _923875 |
||
| 245 | _aComputer Principles, Techniques ,And Tool | ||
| 942 |
_2ddc _cBOOKS _n0 |
||
| 999 |
_c25033 _d25033 |
||